Historical Figures as Video Game Characters #3 - Statistics

General Stats
  • This quiz has been taken 35 times
  • The average score is 13 of 20
Answer Stats
Picture Answer % Correct
Snoop Dogg
94%
Marilyn Monroe
87%
Napoleon Bonaparte
87%
George Washington
84%
Hulk Hogan
84%
Winston Churchill
84%
Amy Winehouse
81%
Lady Gaga
81%
Bob Ross
74%
Genghis Khan
71%
Karl Marx
71%
Marie Antoinette
71%
William Wallace
65%
Boudica
55%
Charles de Gaulle
55%
Guy Fawkes
55%
Yasser Arafat
55%
Grigori Rasputin
48%
Suleiman the Magnificent
32%
Augusto Pinochet
10%
No matching quizzes found
Score Distribution
Percent of People with Each Score
Percentile by Number Answered
Your Score History
You have not taken this quiz